000 00374nam a2200133Ia 4500
008 220214s9999 xx 000 0 und d
100 _aGilmour I
245 4 _aThe Determination of the bulk modulus in a constrained solid
260 _bJournal of Polymer Science. Polymer Physics
_c1974
300 _a1939-1940
700 _aHaward RN
700 _aTrainor A
942 _cRE
999 _c45672
_d45672